000 00457nam a2200169Ia 4500
003 IN-BaIIA
008 211028s9999 xx 000 0 eng d
040 _cIIA Library
080 _a621.396.62
_bMOX
100 _aMoxon, L. A
_92245
245 0 _aRecent advances in radio receivers
_cL. A. Moxon
260 _aCambridge
_bCambridge University Press
_c1949
300 _a183p.
650 _aNASA Thesaurus
650 _aRadio Engineering
_91656
942 _cBK
999 _c1043
_d1043